000 00608nam a2200229 a 4500
999 _c11713
_d11713
001 11713
003 BD-JhCC
005 20200728094022.0
008 200728t2016 xxua|||| ||a| 001 0 eng d
020 _a9780753556894
035 _a(BD-JhCC)11713
040 _aBD-JhCC
_dBD-JhCC
041 _aeng
082 _a372.7300905
_bLAN 2016
100 _aLandler, Mark
245 _aAlter Egos /
_cMark Landler .
260 _aLondon:
_bWH Allen;
_c2016.
300 _a406 p. :
_bill;
_c18 cm.
650 _aDiplomatic relations
_xClinton, Hillary Rodham
_z Barack Obama,
942 _2ddc
_cBK